000 00844nam a2200145 a 4500
008 120416s1990 ||||||||||||||||| || u
020 _a0852987544
050 _aTP 319 Ins
245 0 0 _aFuels for automotive and industrial diesel engines
260 _aLondon
_bMech. Engineers Publications Ltd
_c1990
350 _a0.00
500 _apapers presented at a seminar organized by the combustion Engines Group of the Institution of mechanical Engineers,and held at the Institution of Mechanical Engineers on 19 and 20 november 1990.
995 _aANNEX COLLECTION (Main Library)
_D0.00
_e729890
_FCBU-MAIN LIBRARY (Kitwe)
_H2
_I0.00
_jTP 319 Ins
_M2
_UAVAILABLE
_y023870
_ZAnnex Low-Usage Collection
995 _aANNEX COLLECTION (Main Library)
_D0.00
_e729891
_FCBU-MAIN LIBRARY (Kitwe)
_H1
_I0.00
_jTP 319 Ins
_M1
_UAVAILABLE
_y023852
_ZAnnex Low-Usage Collection
999 _c63316
_d63316